000 01150nam a2200313 i 4500
001 000008595
003 DO-SdBNP
005 20250805081234.0
007 ta
008 090917s1990 dr 000 0 spa d
040 _aDO-SdBNP
_bspa
_cBNPHU
_erda
082 _aRD861.44
_bB171r
_222
100 1 _a Balaguer, Joaquín,
_d1906-2002
_976556
_eautor
_4aut.
245 1 0 _aRomance del caminante sin camino :
_b(Enrique Blanco) /
_cJoaquín Balaguer ; cuidado de edición Rafael F. Mañón ; análisis histórico, Héctor O. Pichardo Cabral
264 1 _aSanto Domingo :
_bImpresora RM,
_c1990.
300 _a66 páginas ;
_c20 cm.
336 _atexto
_btxt
_2rdacontent
337 _asin mediación
_bn
_2rdamedia
338 _avolumen
_bnc
_2rdacarrier
590 _aInventariado, 2025/ YL
600 1 0 _aBlanco, Enrique,
_d1907-1936
_vPoesía
_923018
600 1 0 _a Balaguer, Joaquín,
_d1906-2002
_976556
650 4 _aLiteratura dominicana.
_967
650 4 _aPoesía dominicana
_966
700 1 _aMañón, Rafael F.,
_eeditor
_4ed.
_923020
700 1 _aPichardo Cabral, Héctor O.,
_eanalista
_4anal.
_987639
910 _aYLockward
942 _2ddc
_cLBS1
999 _c8365
_d8365